| 000 | 00439nam a2200145 i 4500 | ||
|---|---|---|---|
| 001 | 79405 | ||
| 003 | ES-MaACL | ||
| 007 | t| | ||
| 008 | 041021s1906 fr ||||1| fre d | ||
| 100 | 1 |
_aHenry, Victor. _962606 |
|
| 245 | 1 | 0 |
_aPrecis de Grammaire comparée de l'anglais et del'allemand / _cpar Victor Henry. |
| 260 |
_aParis : _b[s.n.], _c1906 ( _eLille : _fImp. S. Duval) |
||
| 300 |
_aXXIV, 432 p. ; _c23 cm. |
||
| 852 |
_aES-MaACL _jB-2217 |
||
| 999 |
_c79405 _d79405 |
||